| 000 | 01097nam a2200301Ia 4500 | ||
|---|---|---|---|
| 001 | Para_9657 | ||
| 003 | CHAP | ||
| 008 | 220125s9999 xx 000 0 und d | ||
| 010 | _a208333 | ||
| 040 | _cCHAP | ||
| 090 | _aPA TESIS 2278 | ||
| 100 |
_aHernández Flores, Meliton _954014 |
||
| 245 |
_aManejo Quimico-Biologico de Fusarium solani y Rhizoctonia solani en el cultivo de frijol ejotero (Phaseolus vulgaris L.) en Metztitlan, HGO / _c Meliton Hernández Flores. |
||
| 260 |
_aChapingo,Méx. : _b el autor, 2009 |
||
| 300 | _a63 h. | ||
| 502 | _aTesis (Ing. Agr. Esp. en Parasitología Agrícola) -- UACh. Departamento Parasitología Agrícola | ||
| 650 |
_aFrijol ejote _xenfermedades _9174654 |
||
| 650 |
_aOrganismos fitopatogenos _x control biologico _983519 |
||
| 650 |
_aPudricion radical del frijol ejote _9174655 |
||
| 710 |
_aUACh. Departamento Parasitología Agrícola _9164025 |
||
| 901 | _aPA TESIS 2278 | ||
| 902 | _aM | ||
| 905 | _a500220 8000000000 00 | ||
| 910 | _a | ||
| 942 | _cPARA | ||
| 942 |
_cPARA _d2 |
||
| 999 |
_c208333 _d208333 |
||